000 00467cam a2200181ua 4500
001 3196
008 111020n ii |||gr||||Z||||||asm
040 _cMAIN
082 _a784.19
100 _aChangkakati, Keshob,
_eAuthor.
245 1 1 _aTaal malik
_cby Keshob Changkakati
250 _a2nd.
260 _aGuahati:
_bPublication board assam,992.
300 _a101p:
_c23cm.
653 _aTaal malika
653 _aAssamese musical instruments (Tobala)
942 _cBK
999 _c3042
_d3042